000 00267nam a2200109Ia 4500
008 190911s9999||||xx |||||||||||||| ||und||
100 _aChao , Woyczynski
245 0 _aProbability Theory And Harmonic Analysis
260 _aUSA
_bCRC
_c1986
300 _a291
942 _cBK
999 _c6817
_d6817